000 00993nam a2200277Ia 4500
003 OSt
005 20220923211445.0
006 a|||||r|||| 00| 0
007 ta
008 220922b |||||||| |||| 00| 0 hin d
020 _a9789350641125 (pbk)
_c135
024 _a324,836
037 _b397, 12/03/2018, Eastern Book Linkers
_cTextual
040 _aARTS
_cARTS
_bhin
041 _2hin
_ahin
082 _aO152,3N3512x, Q5
100 _aकामतानाथ, ले.
245 0 _aमेरी प्रिय कहानियॉं
246 _aMerī priya kahāniyaॉan
260 _aदिल्ली
_b राजपाल एण्ड सन्ज़
_c2015
300 _a151पृ.
_ccm.
650 _a हिन्दी साहित्य
_9156264
650 _aहिन्दी कहानी
942 _hO152,3N3512x, Q5
_cTEXL
_2CC
999 _c299732
_d299732